[Event "Pribina - TPK Cup   Mistrovství ÈR junio"]
[Site "Havlíèkùv Brod - hotel Slunce"]
[Date "2012.11.27"]
[Round "4.1"]
[White "Kozel, Jiøí"]
[Black "Kraus, Tomáš"]
[Result "0-1"]
[WhiteElo "2051"]
[BlackElo "2290"]
[PlyCount "130"]
[EventDate "2012.11.25"]

1. e4 e5 2. Nf3 Nc6 3. Bb5 Nge7 4. O-O g6 5. c3 Bg7 6. d4 exd4 7. cxd4 a6 8.
Ba4 b5 9. Bb3 d6 10. Nc3 O-O 11. h3 Na5 12. Bc2 c5 13. Bg5 h6 14. Bf4 Nc4 15.
Ne2 Nc6 16. Qc1 g5 17. b3 gxf4 18. bxc4 cxd4 19. Rb1 bxc4 20. Ba4 Bd7 21. Nxf4
Rc8 22. Nd5 Ne5 23. Nxe5 Bxa4 24. Ng4 Qh4 25. Nb6 Bb5 26. a4 Rb8 27. axb5 Rxb6
28. Qxc4 Rfb8 29. Rb4 Rxb5 30. Ra4 a5 31. Qc7 Qd8 32. Qc1 Qg5 33. f4 Qe7 34. f5
Qxe4 35. f6 Bf8 36. Nxh6+ Bxh6 37. Qxh6 Qe3+ 38. Qxe3 dxe3 39. Re4 Re5 40. Rg4+
Kf8 41. Rh4 Rg5 42. Rf5 e2 43. Rh8+ Rg8 44. Rxg8+ Kxg8 45. Kf2 Re8 46. Ke1 Re5
47. Rf4 Kh7 48. Rg4 Kh6 49. Rg7 a4 50. Rxf7 Ra5 51. Rc7 a3 52. f7 Kg7 53. Rc1
a2 54. Ra1 Kxf7 55. Kxe2 Ra3 56. h4 Kg6 57. Kd2 Rg3 58. Rg1 Kh5 59. Ra1 Rxg2+
60. Kc3 Kxh4 61. Kb3 Kg4 62. Rxa2 Rxa2 63. Kxa2 Kf4 64. Kb3 d5 65. Kc2 Ke3 0-1

[Event "Pribina - TPK Cup   Mistrovství ÈR junio"]
[Site "Havlíèkùv Brod - hotel Slunce"]
[Date "2012.11.27"]
[Round "4.3"]
[White "Rubeš, Jan"]
[Black "Krejèí, Martin"]
[Result "1/2-1/2"]
[WhiteElo "2130"]
[BlackElo "1934"]
[PlyCount "34"]
[EventDate "2012.11.25"]

1. e4 e5 2. Nf3 Nc6 3. Bb5 a6 4. Ba4 Nf6 5. d3 d6 6. c3 Be7 7. Nbd2 b5 8. Bc2
O-O 9. Nf1 Re8 10. Ng3 g6 11. O-O Bb7 12. Bg5 Nb8 13. Qd2 c5 14. h3 Nbd7 15.
Nh2 d5 16. exd5 Nxd5 17. Bxe7 Rxe7 1/2-1/2

[Event "Pribina - TPK Cup   Mistrovství ÈR junio"]
[Site "Havlíèkùv Brod - hotel Slunce"]
[Date "2012.11.27"]
[Round "4.4"]
[White "Gabriel, Adam"]
[Black "Hošek, Martin"]
[Result "1-0"]
[WhiteElo "2129"]
[BlackElo "2027"]
[PlyCount "71"]
[EventDate "2012.11.25"]

1. Nf3 Nf6 2. g3 d5 3. Bg2 c5 4. c4 e6 5. O-O Bd6 6. cxd5 exd5 7. d4 O-O 8. Nc3
Be6 9. Bg5 cxd4 10. Nxd4 Nc6 11. Nxd5 Be5 12. Nxe6 fxe6 13. Nxf6+ Bxf6 14. Qxd8
Rfxd8 15. Bxf6 gxf6 16. Rfd1 Kf7 17. Rac1 Rxd1+ 18. Rxd1 Ke7 19. Bxc6 bxc6 20.
Rd4 Rb8 21. b3 Rb7 22. Kg2 e5 23. Rh4 Ke6 24. Kf3 Kf5 25. Rc4 Rc7 26. Ke3 Ke6
27. Ke4 Rc8 28. Ra4 Rc7 29. g4 Rd7 30. h3 Rc7 31. Ra6 Ke7 32. Kf5 Kf7 33. h4
Ke7 34. f3 Kf7 35. g5 fxg5 36. hxg5 1-0

[Event "Pribina - TPK Cup   Mistrovství ÈR junio"]
[Site "Havlíèkùv Brod - hotel Slunce"]
[Date "2012.11.27"]
[Round "4.5"]
[White "Èáp, Adam"]
[Black "Toman, Ondøej"]
[Result "1-0"]
[WhiteElo "2028"]
[BlackElo "2101"]
[PlyCount "45"]
[EventDate "2012.11.25"]

1. e4 e6 2. d4 d5 3. Nd2 Nf6 4. e5 Nfd7 5. Bd3 c5 6. c3 Nc6 7. Ne2 Qb6 8. Nf3
cxd4 9. cxd4 Bb4+ 10. Kf1 f6 11. Nf4 fxe5 12. Nxe6 e4 13. Bf4 Nce5 14. Nxg7+
Kf8 15. Nxe5 exd3 16. Qh5 Nxe5 17. Qe8+ Kxg7 18. Bxe5+ Kh6 19. Qxh8 Qg6 20.
Bf4+ Kh5 21. h3 Qe4 22. Qf6 Qe2+ 23. Kg1 1-0

[Event "Pribina - TPK Cup   Mistrovství ÈR junio"]
[Site "Havlíèkùv Brod - hotel Slunce"]
[Date "2012.11.27"]
[Round "4.6"]
[White "Pùlpán, Jakub"]
[Black "Výprachtický, David"]
[Result "1/2-1/2"]
[WhiteElo "2099"]
[BlackElo "2092"]
[PlyCount "50"]
[EventDate "2012.11.25"]

1. e4 e5 2. Nf3 Nc6 3. Bb5 Nf6 4. O-O Nxe4 5. d4 Nd6 6. Bxc6 dxc6 7. dxe5 Nf5
8. Qxd8+ Kxd8 9. Nc3 h6 10. b3 b6 11. Bb2 Be6 12. Rad1+ Kc8 13. Ne2 Bd5 14.
Nfd4 Nxd4 15. Rxd4 Bc5 16. Rd2 Bb4 17. Bc3 a5 18. a4 Bxc3 19. Nxc3 Be6 20. f4
g6 21. Ne4 Rd8 22. Rfd1 Rxd2 23. Rxd2 Bf5 24. Ng3 Be6 25. Ne4 Bf5 1/2-1/2

[Event "Pribina - TPK Cup   Mistrovství ÈR junio"]
[Site "Havlíèkùv Brod - hotel Slunce"]
[Date "2012.11.27"]
[Round "4.7"]
[White "Straka, Vojtìch"]
[Black "Pospíšil, Martin"]
[Result "1-0"]
[WhiteElo "2285"]
[BlackElo "2007"]
[PlyCount "35"]
[EventDate "2012.11.25"]

1. d4 d5 2. c4 e6 3. Nc3 Nf6 4. Nf3 Nbd7 5. e3 b6 6. cxd5 exd5 7. Bb5 Bb7 8.
Ne5 a6 9. Bc6 Qc8 10. Nxd5 Bxc6 11. Nxf6+ Nxf6 12. Nxc6 Qb7 13. Qf3 Be7 14. O-O
Bd8 15. Bd2 Qc8 16. Bb4 a5 17. Ba3 b5 18. Bc5 1-0

[Event "Pribina - TPK Cup   Mistrovství ÈR junio"]
[Site "Havlíèkùv Brod - hotel Slunce"]
[Date "2012.11.27"]
[Round "4.8"]
[White "Krátký, Josef"]
[Black "Janèaøík, Joel"]
[Result "0-1"]
[WhiteElo "1977"]
[BlackElo "2242"]
[PlyCount "52"]
[EventDate "2012.11.25"]

1. Nf3 Nf6 2. g3 g6 3. Bg2 d5 4. d3 Bg7 5. Nbd2 c5 6. O-O O-O 7. e4 Nc6 8. c3
Qc7 9. Qc2 Rd8 10. Re1 b6 11. h3 h6 12. a3 Be6 13. exd5 Nxd5 14. Rxe6 fxe6 15.
d4 cxd4 16. Qxg6 Ne5 17. Qxe6+ Kh8 18. Nxd4 Rd6 19. Qf5 Rf8 20. Qe4 Nxc3 21.
bxc3 Qxc3 22. N4b3 Nd3 23. Qxe7 Rdd8 24. Rb1 Rde8 25. Qd6 Rxf2 26. Qc6 Qxc6 0-1

[Event "Pribina - TPK Cup   Mistrovství ÈR junio"]
[Site "Havlíèkùv Brod - hotel Slunce"]
[Date "2012.11.27"]
[Round "4.9"]
[White "Alfimov, Igor"]
[Black "Braun, Marek"]
[Result "1-0"]
[WhiteElo "1961"]
[BlackElo "2232"]
[PlyCount "85"]
[EventDate "2012.11.25"]

1. d4 Nf6 2. c4 g6 3. Nc3 Bg7 4. e4 d6 5. Nf3 O-O 6. Be2 e5 7. dxe5 dxe5 8.
Qxd8 Rxd8 9. Bg5 Re8 10. Nd5 Nxd5 11. cxd5 c6 12. Bc4 b5 13. Bb3 Bb7 14. Rc1
Rc8 15. Ke2 c5 16. Rhd1 Nd7 17. a4 a6 18. Rc2 Bf8 19. Be3 Bd6 20. Rdc1 f5 21.
Ng5 c4 22. Ba2 f4 23. Bd2 Nc5 24. f3 Nxa4 25. b3 cxb3 26. Bxb3 Nb6 27. Ba5 Nd7
28. Bc7 h6 29. Bxd6 hxg5 30. Rc7 Rxc7 31. Rxc7 Bc8 32. Be7 Kf7 33. d6+ Ke8 34.
Bxg5 a5 35. Bd5 Rb8 36. Ra7 a4 37. Bc6 Rb6 38. Rc7 Rb8 39. Kd2 a3 40. Kc2 b4
41. Kb3 a2 42. Kxa2 b3+ 43. Kb2 1-0

[Event "Pribina - TPK Cup   Mistrovství ÈR junio"]
[Site "Havlíèkùv Brod - hotel Slunce"]
[Date "2012.11.27"]
[Round "4.10"]
[White "Rabatin, Jakub"]
[Black "Franìk, Jan"]
[Result "1-0"]
[WhiteElo "2209"]
[BlackElo "1976"]
[PlyCount "53"]
[EventDate "2012.11.25"]

1. e4 e5 2. Nf3 Nc6 3. Bb5 f5 4. Nc3 fxe4 5. Nxe4 Nf6 6. Nxf6+ Qxf6 7. Qe2 Be7
8. Bxc6 dxc6 9. Nxe5 O-O 10. O-O Bf5 11. d4 Rae8 12. Bf4 Bd6 13. c3 Bxe5 14.
Bxe5 Qg6 15. Qd2 h5 16. f4 h4 17. Rf3 c5 18. dxc5 Rd8 19. Qf2 Qh5 20. Re1 g5
21. Bd4 Bg4 22. Re5 Bxf3 23. Rxg5+ Qxg5 24. fxg5 Bh5 25. Qxh4 Rde8 26. h3 Bf7
27. Qh8# 1-0

[Event "Pribina - TPK Cup   Mistrovství ÈR junio"]
[Site "Havlíèkùv Brod - hotel Slunce"]
[Date "2012.11.27"]
[Round "4.11"]
[White "Malý, Marek"]
[Black "Walek, Petr"]
[Result "1-0"]
[WhiteElo "2143"]
[BlackElo "1969"]
[PlyCount "77"]
[EventDate "2012.11.25"]

1. d4 Nf6 2. c4 g6 3. Nc3 Bg7 4. e4 d6 5. Be2 O-O 6. Nf3 e5 7. O-O Nc6 8. d5
Ne7 9. Ne1 Ne8 10. f4 f5 11. Nd3 Nf6 12. fxe5 dxe5 13. exf5 Bxf5 14. Nf2 Qd6
15. Nb5 Qb6 16. Qb3 c6 17. d6 Ned5 18. cxd5 cxb5 19. Be3 Qxd6 20. Qxb5 b6 21.
Rac1 Rac8 22. Rc6 Rxc6 23. dxc6 Rc8 24. Rc1 Kh8 25. Qa4 Qc7 26. Bf3 Rd8 27. Qc4
Rd6 28. Rd1 e4 29. Rxd6 Qxd6 30. Nxe4 Bxe4 31. Bxe4 Ng4 32. c7 Qxh2+ 33. Kf1
Nxe3+ 34. Ke2 Qh5+ 35. Kxe3 Bh6+ 36. Kf2 Qh4+ 37. g3 Qf6+ 38. Kg2 Qxb2+ 39. Qc2
1-0

[Event "Pribina - TPK Cup   Mistrovství ÈR junio"]
[Site "Havlíèkùv Brod - hotel Slunce"]
[Date "2012.11.27"]
[Round "4.12"]
[White "Hánl, František"]
[Black "Haman, Jakub"]
[Result "0-1"]
[WhiteElo "1917"]
[BlackElo "2129"]
[PlyCount "86"]
[EventDate "2012.11.25"]

1. e4 c5 2. Nf3 Nc6 3. d4 cxd4 4. Nxd4 Nf6 5. Nc3 d6 6. Bg5 e6 7. f4 Be7 8. Qd2
a6 9. O-O-O Bd7 10. Nxc6 Bxc6 11. Qe3 Qc7 12. Bxf6 gxf6 13. f5 b5 14. fxe6 fxe6
15. Be2 b4 16. Bh5+ Kd7 17. Ne2 Qa5 18. Qh3 Bxe4 19. Nd4 Qxa2 20. Rhe1 f5 21.
Rxe4 fxe4 22. Nxe6 Ra7 23. Qe3 Rha8 24. Nc5+ Kd8 25. Nb3 Rc8 26. Qb6+ Rac7 27.
Rxd6+ Bxd6 28. Qxd6+ Rd7 29. Qf6+ Kc7 30. Qe5+ Kb7 31. Qxe4+ Kb8 32. Qf4+ Rdc7
33. Qxb4+ Rb7 34. Qd6+ Ka8 35. Qe6 Kb8 36. Qd6+ Ka7 37. Qd4+ Ka8 38. Qg4 Rxc2+
39. Kxc2 Qxb3+ 40. Kd2 Qxb2+ 41. Ke1 Qc3+ 42. Kf1 Rb1+ 43. Kf2 Rb2+ 0-1

[Event "Pribina - TPK Cup   Mistrovství ÈR junio"]
[Site "Havlíèkùv Brod - hotel Slunce"]
[Date "2012.11.27"]
[Round "4.13"]
[White "Stachoò, Martin"]
[Black "Szücs, Matyáš"]
[Result "1/2-1/2"]
[WhiteElo "2127"]
[BlackElo "1934"]
[PlyCount "66"]
[EventDate "2012.11.25"]

1. e4 e6 2. d4 d5 3. Nc3 Nf6 4. Bg5 dxe4 5. Nxe4 Be7 6. Bxf6 gxf6 7. Nf3 c6 8.
Bd3 Nd7 9. Qe2 Qc7 10. O-O-O b6 11. Kb1 Bb7 12. Rhe1 O-O-O 13. Ba6 Rhg8 14.
Bxb7+ Kxb7 15. g3 f5 16. Ned2 Bf6 17. Nc4 Kb8 18. c3 Rge8 19. Ne3 Nf8 20. Qc2
Ng6 21. Rd2 h5 22. Nc4 h4 23. Rde2 hxg3 24. hxg3 Rh8 25. Nce5 Bxe5 26. Nxe5
Nxe5 27. Rxe5 Rh2 28. R5e2 Qd6 29. f4 Rh3 30. Rg1 Rg8 31. Reg2 Rg4 32. Qe2 Kb7
33. Qf3 a5 1/2-1/2

[Event "Pribina - TPK Cup   Mistrovství ÈR junio"]
[Site "Havlíèkùv Brod - hotel Slunce"]
[Date "2012.11.27"]
[Round "4.14"]
[White "Macháò, Jan"]
[Black "Chromík, Tomáš"]
[Result "1/2-1/2"]
[WhiteElo "2078"]
[BlackElo "1889"]
[PlyCount "74"]
[EventDate "2012.11.25"]

1. d4 d5 2. c4 c6 3. Nd2 Nf6 4. Ngf3 Bf5 5. g3 e6 6. Bg2 h6 7. Qb3 Qc7 8. O-O
Nbd7 9. Rd1 Be7 10. Nf1 Qb6 11. Qxb6 axb6 12. Ne3 Bg6 13. cxd5 exd5 14. Nh4 Be4
15. f3 Bh7 16. Nhf5 Bf8 17. a3 b5 18. Bd2 g6 19. Nh4 Nb6 20. Bh3 Bg7 21. Bb4
Bf8 22. Bxf8 Kxf8 23. Nhg2 Kg7 24. Kf2 Ra7 25. Rac1 Rha8 26. Ne1 Nc4 27. Nd3
Ne8 28. Nxc4 bxc4 29. Nb4 Nd6 30. Na2 Nb5 31. e4 g5 32. exd5 cxd5 33. Bd7 Nd6
34. Nb4 Rd8 35. Bh3 Bf5 36. Bg2 Ra5 37. Bf1 g4 1/2-1/2

[Event "Pribina - TPK Cup   Mistrovství ÈR junio"]
[Site "Havlíèkùv Brod - hotel Slunce"]
[Date "2012.11.27"]
[Round "4.15"]
[White "Dobeš, Vojtìch"]
[Black "Navrátil, Marek"]
[Result "1/2-1/2"]
[WhiteElo "2055"]
[BlackElo "1861"]
[PlyCount "131"]
[EventDate "2012.11.25"]

1. e4 c5 2. Nf3 g6 3. d4 cxd4 4. Nxd4 Bg7 5. Nc3 Nc6 6. Be3 Nf6 7. Bc4 Qa5 8.
O-O O-O 9. Bb3 d6 10. h3 Bd7 11. Re1 Nxd4 12. Bxd4 b5 13. Nd5 Nxd5 14. Bxg7
Kxg7 15. exd5 Rfe8 16. Re3 Qb4 17. c3 Qh4 18. Qe2 f5 19. Re1 Kf8 20. c4 bxc4
21. Bxc4 Rac8 22. b3 a5 23. Qd2 Rc5 24. Kh2 a4 25. R3e2 axb3 26. axb3 Bb5 27.
g3 Qf6 28. Re6 Qg7 29. Qe2 Bxc4 30. bxc4 Qf7 31. h4 Rc7 32. Kg2 Rb8 33. h5 g5
34. h6 Rb4 35. Rc1 f4 36. Re4 Qf6 37. Qg4 fxg3 38. Qxg3 Qxh6 39. Rg4 Qf6 40.
Rc3 Ke8 41. Rxg5 Rcxc4 42. Rxc4 Rxc4 43. Rh5 Qg6 44. Rg5 Qe4+ 45. Qf3 Qxf3+ 46.
Kxf3 Kf7 47. Ke3 Kf6 48. Rg8 Rh4 49. f3 h5 50. f4 Rh3+ 51. Ke4 h4 52. Rf8+ Kg7
53. Re8 Kf7 54. Rh8 Rh1 55. Kf3 h3 56. Kg3 Rd1 57. Rxh3 Rxd5 58. Rh7+ Kf6 59.
Kf3 Rf5 60. Ke3 Ke6 61. Rh6+ Kd5 62. Rh7 Ke6 63. Rh2 Rf6 64. Rh8 Rg6 65. Rh7 d5
66. f5+ 1/2-1/2

[Event "Pribina - TPK Cup   Mistrovství ÈR junio"]
[Site "Havlíèkùv Brod - hotel Slunce"]
[Date "2012.11.27"]
[Round "4.16"]
[White "Šlampa, Jan"]
[Black "Johnová, Eliška"]
[Result "1-0"]
[WhiteElo "2024"]
[BlackElo "1848"]
[PlyCount "77"]
[EventDate "2012.11.25"]

1. e4 e6 2. d4 d5 3. Nc3 Nf6 4. Bg5 Be7 5. e5 Nfd7 6. h4 Bxg5 7. hxg5 Qxg5 8.
Nf3 Qe7 9. Qd2 Nb6 10. O-O-O Nc6 11. Bd3 h6 12. Rh3 Bd7 13. Rg3 g5 14. Qe3
O-O-O 15. Nd2 Nb4 16. a3 Nxd3+ 17. Qxd3 Rdg8 18. Na2 a6 19. c4 Kb8 20. c5 Bb5
21. Qc2 Nc4 22. a4 Nxd2 23. axb5 Ne4 24. Rb3 axb5 25. Rxb5 c6 26. Rb6 Kc7 27.
f3 Ng3 28. Rd3 Ra8 29. Rdb3 Rhb8 30. Kb1 Ra7 31. Qc3 f6 32. Qb4 Qh7+ 33. Kc1
Qh8 34. exf6 Nf5 35. g4 Ng3 36. Qe1 Kd7 37. Qxg3 Rxa2 38. Rxb7+ Rxb7 39. Rxb7+
1-0

[Event "Pribina - TPK Cup   Mistrovství ÈR junio"]
[Site "Havlíèkùv Brod - hotel Slunce"]
[Date "2012.11.27"]
[Round "4.17"]
[White "Steinhauserová, Anna"]
[Black "Hrdina, Robin"]
[Result "0-1"]
[WhiteElo "1821"]
[BlackElo "2007"]
[PlyCount "92"]
[EventDate "2012.11.25"]

1. d4 Nf6 2. Nf3 e6 3. Bg5 h6 4. Bh4 Be7 5. e3 b6 6. Bd3 Bb7 7. Nbd2 d6 8. O-O
Nbd7 9. c3 c5 10. Qa4 g5 11. Bg3 Nd5 12. Ne1 h5 13. e4 Nc7 14. f3 h4 15. Bf2 a6
16. Rc1 b5 17. Qd1 c4 18. Be2 f5 19. exf5 exf5 20. b3 d5 21. Nc2 f4 22. Rb1 Bc6
23. bxc4 bxc4 24. Nb4 Bxb4 25. Rxb4 Qf6 26. Re1 O-O 27. Qc2 Rae8 28. Rbb1 Qf5
29. Qd1 Nb5 30. Rc1 Nd6 31. Nb1 Rb8 32. Qd2 Rb7 33. Bd1 Rxb1 34. Rxb1 Qxb1 35.
Bc2 Qb8 36. Re6 Nf6 37. Bxh4 Kf7 38. Qe1 Re8 39. Rxe8 Qxe8 40. Qxe8+ Bxe8 41.
Bxg5 Nb5 42. Bxf4 Nxc3 43. Be3 Nxa2 44. Bd2 c3 45. Bg5 Nb4 46. Bb3 a5 0-1

[Event "Pribina - TPK Cup   Mistrovství ÈR junio"]
[Site "Havlíèkùv Brod - hotel Slunce"]
[Date "2012.11.27"]
[Round "4.18"]
[White "Kaòáková, Natálie"]
[Black "Rùžièka, Václav"]
[Result "1/2-1/2"]
[WhiteElo "1654"]
[BlackElo "2072"]
[PlyCount "40"]
[EventDate "2012.11.25"]

1. e4 e6 2. d4 c5 3. Nf3 cxd4 4. Nxd4 Nc6 5. Nc3 a6 6. Be3 Nf6 7. Bd3 Bb4 8.
Qd2 O-O 9. O-O Ng4 10. Be2 Nxe3 11. Qxe3 Qb6 12. Rad1 Qa7 13. Qd2 d5 14. exd5
exd5 15. a3 Ba5 16. Nb3 Bxc3 17. Qxc3 Be6 18. Bf3 Rac8 19. Qd2 Ne5 20. Bxd5
Rfd8 1/2-1/2

[Event "Pribina - TPK Cup   Mistrovství ÈR junio"]
[Site "Havlíèkùv Brod - hotel Slunce"]
[Date "2012.11.27"]
[Round "4.19"]
[White "Kratochvíl, Vít"]
[Black "Seidl, Štìpán"]
[Result "0-1"]
[WhiteElo "1944"]
[BlackElo "2185"]
[PlyCount "98"]
[EventDate "2012.11.25"]

1. e4 c5 2. Nf3 Nc6 3. d4 cxd4 4. Nxd4 g6 5. c4 d6 6. Nc3 Nf6 7. Be2 Nxd4 8.
Qxd4 Bg7 9. Be3 O-O 10. Qd2 a5 11. f3 a4 12. O-O Qa5 13. Rfd1 Be6 14. Nd5 Bxd5
15. cxd5 Qxd2 16. Rxd2 Rfc8 17. Bd4 Nd7 18. Bxg7 Kxg7 19. f4 h5 20. Kf2 Ra5 21.
Rad1 Rac5 22. Rd4 Rc2 23. R1d2 Rxd2 24. Rxd2 Rc1 25. Ke3 Nc5 26. Bd1 a3 27.
bxa3 Rc4 28. Bc2 Rc3+ 29. Kd4 Rxa3 30. Bd1 h4 31. e5 f6 32. exd6 exd6 33. Kc4
Re3 34. Rd4 f5 35. Kb5 h3 36. g3 Ra3 37. Rd2 Ne4 38. Rc2 Rd3 39. Rc7+ Kh6 40.
Bb3 Rd2 41. Rc2 Rg2 42. Kb6 Nc5 43. Rxc5 dxc5 44. d6 Rxh2 45. Bd5 Rd2 46. Bxb7
Rxd6+ 47. Kxc5 Rd7 48. Bf3 Ra7 49. Bd5 Ra5+ 0-1

[Event "Pribina - TPK Cup   Mistrovství ÈR junio"]
[Site "Havlíèkùv Brod - hotel Slunce"]
[Date "2012.11.27"]
[Round "4.20"]
[White "Ptáèek, Tomáš"]
[Black "Zpìváková, Jana"]
[Result "1-0"]
[WhiteElo "2007"]
[BlackElo "1921"]
[PlyCount "125"]
[EventDate "2012.11.25"]

1. d4 Nf6 2. Nf3 d6 3. Bg5 h6 4. Bh4 g5 5. Bg3 Nh5 6. Nbd2 Nxg3 7. hxg3 Bg7 8.
e3 Nd7 9. Bd3 Nf6 10. c3 Bd7 11. Qc2 e6 12. e4 Qe7 13. O-O-O O-O-O 14. Nc4 Bb5
15. Nxd6+ cxd6 16. Bxb5 Kb8 17. Kb1 Rc8 18. Rhe1 Nd7 19. Bxd7 Qxd7 20. d5 Rc7
21. Qd3 e5 22. Nh2 Rhc8 23. Nf1 Qa4 24. Ne3 Rc5 25. Qc2 Qb5 26. Kc1 Qa5 27. Kd2
Qc7 28. Ke2 Qd7 29. Kf1 h5 30. Nf5 f6 31. g4 Rh8 32. Qe2 hxg4 33. g3 Bf8 34.
Kg2 Rc8 35. Rh1 Rxh1 36. Rxh1 Qa4 37. Rh7 Qxa2 38. Qb5 Qa6 39. Qxa6 bxa6 40.
Rf7 Rd8 41. Kf1 a5 42. Ke2 a6 43. Kd3 Rc8 44. Kc2 a4 45. Kb1 a3 46. b3 Rxc3 47.
Rxf8+ Kc7 48. Ka2 Rc2+ 49. Kxa3 Rxf2 50. Rf7+ Kb6 51. Rxf6 Kc5 52. b4+ Kb6 53.
Rxd6+ Kb5 54. Rc6 Rf3+ 55. Kb2 Kxb4 56. Rxa6 Rf2+ 57. Kc1 Kc3 58. Ra3+ Kb4 59.
Rd3 Kc4 60. Rd2 Rf1+ 61. Kc2 Ra1 62. d6 Ra2+ 63. Kd1 1-0

[Event "Pribina - TPK Cup   Mistrovství ÈR junio"]
[Site "Havlíèkùv Brod - hotel Slunce"]
[Date "2012.11.27"]
[Round "4.21"]
[White "Šroubová, Lenka"]
[Black "Maøíková, Jana"]
[Result "1-0"]
[WhiteElo "1790"]
[BlackElo "2002"]
[PlyCount "95"]
[EventDate "2012.11.25"]

1. g3 c5 2. Bg2 Nc6 3. Nf3 g6 4. O-O Bg7 5. d3 d6 6. e4 e5 7. Be3 Nge7 8. c3
O-O 9. Na3 h6 10. d4 exd4 11. cxd4 Bg4 12. Nc2 Qb6 13. dxc5 dxc5 14. Rb1 Rfd8
15. Qc1 Bxf3 16. Bxf3 Ne5 17. Be2 Qc6 18. f3 Kh7 19. b4 c4 20. b5 Qd6 21. Rd1
Nd3 22. Qa3 b6 23. Qxd6 Rxd6 24. Nb4 Rad8 25. Bxd3 cxd3 26. Rb3 d2 27. Kf2 f5
28. Ke2 fxe4 29. fxe4 Kg8 30. Rxd2 Kf7 31. Rbd3 Ke6 32. Rxd6+ Rxd6 33. Rxd6+
Kxd6 34. Kd3 g5 35. Bd4 Bf8 36. Kc4 Ke6 37. a4 Nc8 38. Nc6 Nd6+ 39. Kd3 Nc8 40.
Kc4 Nd6+ 41. Kd3 Nc8 42. g4 Bd6 43. e5 Bf8 44. Ke4 Bg7 45. Bc3 Bf8 46. Nd4+ Kf7
47. h3 Bc5 48. Nf5 1-0

[Event "Pribina - TPK Cup   Mistrovství ÈR junio"]
[Site "Havlíèkùv Brod - hotel Slunce"]
[Date "2012.11.27"]
[Round "4.22"]
[White "Zezula, Rudolf"]
[Black "Schaffer, Ondøej"]
[Result "1-0"]
[WhiteElo "1995"]
[BlackElo "1748"]
[PlyCount "48"]
[EventDate "2012.11.25"]

1. e4 e5 2. Nf3 Nc6 3. Bb5 Nf6 4. Bxc6 dxc6 5. d3 Bg4 6. Bg5 Qd6 7. Nbd2 Nd7 8.
Nc4 Qg6 9. Nfxe5 Nxe5 10. Nxe5 Qxg5 11. Nxg4 h5 12. Ne3 Bc5 13. d4 O-O-O 14. c3
Rhe8 15. Qf3 Bd6 16. e5 Be7 17. Qxf7 Rf8 18. Qc4 Qf4 19. Qe2 c5 20. Nc2 Qg5 21.
O-O h4 22. h3 Rf4 23. Rad1 Rdf8 24. Ne1 R4f7 1-0

[Event "Pribina - TPK Cup   Mistrovství ÈR junio"]
[Site "Havlíèkùv Brod - hotel Slunce"]
[Date "2012.11.27"]
[Round "4.23"]
[White "Kopøiva, Martin"]
[Black "Malèánek, Jan"]
[Result "0-1"]
[WhiteElo "1776"]
[BlackElo "1991"]
[PlyCount "106"]
[EventDate "2012.11.25"]

1. e4 c5 2. Nf3 Nc6 3. d4 cxd4 4. Nxd4 Qb6 5. Nb3 Nf6 6. Nc3 e6 7. Bd3 Bb4 8.
O-O O-O 9. Bf4 Bxc3 10. bxc3 e5 11. Bg5 Ne8 12. Kh1 d6 13. Qh5 Be6 14. Bh4 Qc7
15. Nd2 Ne7 16. f4 f6 17. f5 Bf7 18. Qe2 Qxc3 19. Rab1 b6 20. Nb3 d5 21. Qg4
Kh8 22. Be1 Qc7 23. Bb4 Nd6 24. Rf3 Nxe4 25. Bxe4 dxe4 26. Rg3 g6 27. fxg6 hxg6
28. Rf1 Kg7 29. Qxe4 Qc4 30. Qf3 Bd5 31. Rg4 Qxb4 32. Rxb4 Bxf3 33. Rxf3 Rfd8
34. h3 Rac8 35. c4 Nc6 36. Ra4 f5 37. c5 b5 38. Ra6 e4 39. Re3 Rc7 40. Na5 Nb4
41. Rd6 Rxd6 42. cxd6 Rd7 43. Rb3 Nxa2 44. Rxb5 Rxd6 45. Nc4 Rd7 46. Rb3 Nc1
47. Ra3 f4 48. Ra6 Re7 49. Ra1 Nd3 50. Nd2 e3 51. Nf3 e2 52. Ra3 Re3 53. Rxa7+
Kh6 0-1

[Event "Pribina - TPK Cup   Mistrovství ÈR junio"]
[Site "Havlíèkùv Brod - hotel Slunce"]
[Date "2012.11.27"]
[Round "4.24"]
[White "Marek, Matyáš"]
[Black "Liduch, Filip"]
[Result "1/2-1/2"]
[WhiteElo "1973"]
[BlackElo "1697"]
[PlyCount "51"]
[EventDate "2012.11.25"]

1. d4 Nf6 2. c4 e6 3. Nc3 d5 4. cxd5 exd5 5. Bg5 Be7 6. e3 O-O 7. Bd3 h6 8. Bh4
c6 9. Nge2 Nbd7 10. Qc2 Re8 11. O-O Ne4 12. Bg3 Nxc3 13. Nxc3 Nf8 14. Rad1 g6
15. e4 dxe4 16. Bxe4 f5 17. Bf3 Bd6 18. b4 Bd7 19. Qb3+ Kh8 20. d5 Qe7 21. dxc6
Bxc6 22. Nd5 Bxd5 23. Rxd5 Rad8 24. b5 b6 25. Rdd1 Bc5 26. Qc3+ 1/2-1/2

[Event "Pribina - TPK Cup   Mistrovství ÈR junio"]
[Site "Havlíèkùv Brod - hotel Slunce"]
[Date "2012.11.27"]
[Round "4.25"]
[White "Fusková, Martina"]
[Black "Svoboda, Matìj"]
[Result "1/2-1/2"]
[WhiteElo "1716"]
[BlackElo "1955"]
[PlyCount "35"]
[EventDate "2012.11.25"]

1. e4 c5 2. Nf3 Nc6 3. d4 cxd4 4. Nxd4 Nf6 5. Nc3 d6 6. Bg5 e6 7. Qd2 a6 8.
O-O-O Bd7 9. f4 h6 10. Bh4 Nxe4 11. Nxe4 Qxh4 12. Nxc6 Bxc6 13. Nxd6+ Bxd6 14.
Qxd6 Rd8 15. Qxd8+ Qxd8 16. Rxd8+ Kxd8 17. Rg1 Ke7 18. Bd3 1/2-1/2

[Event "Pribina - TPK Cup   Mistrovství ÈR junio"]
[Site "Havlíèkùv Brod - hotel Slunce"]
[Date "2012.11.27"]
[Round "4.26"]
[White "Pýcha, Patrik"]
[Black "Bobek, Daniel"]
[Result "1/2-1/2"]
[WhiteElo "1946"]
[BlackElo "1629"]
[PlyCount "54"]
[EventDate "2012.11.25"]

1. e4 c6 2. d4 d5 3. Nc3 dxe4 4. Nxe4 Bf5 5. Ng3 Bg6 6. h4 h6 7. h5 Bh7 8. Nf3
Nd7 9. Bd3 Bxd3 10. Qxd3 Qc7 11. Bd2 e6 12. O-O-O Ngf6 13. Ne4 Nxe4 14. Qxe4
O-O-O 15. c4 Nf6 16. Qe2 Bd6 17. g3 Qe7 18. a3 Rhe8 19. Bc3 Qc7 20. c5 Bf8 21.
Ne5 Qe7 22. Ba5 Rd5 23. Qc4 Nd7 24. Nxd7 Qxd7 25. f4 Be7 26. Bc3 Bf6 27. Rd3
Rd8 1/2-1/2

[Event "Pribina - TPK Cup   Mistrovství ÈR junio"]
[Site "Havlíèkùv Brod - hotel Slunce"]
[Date "2012.11.27"]
[Round "4.27"]
[White "Babièka, Michal"]
[Black "Richterová, Nataša"]
[Result "0-1"]
[WhiteElo "1700"]
[BlackElo "1945"]
[PlyCount "82"]
[EventDate "2012.11.25"]

1. c4 Nf6 2. Nf3 g6 3. Nc3 c5 4. d3 Bg7 5. g3 O-O 6. Bg2 Nc6 7. O-O d6 8. Bf4
Bd7 9. Qd2 Re8 10. Rfe1 Qc8 11. e4 Bh3 12. Bh1 Bg4 13. e5 dxe5 14. Nxe5 Nxe5
15. Bxe5 Nd7 16. Bxg7 Kxg7 17. Nd5 Be6 18. Nf4 Bf5 19. Re3 Nf6 20. Nd5 Nxd5 21.
Bxd5 Qd7 22. Qc3+ Kg8 23. Rd1 Rad8 24. Rd2 b6 25. b3 Qd6 26. Qe5 Qxe5 27. Rxe5
e6 28. Be4 f6 29. Bxf5 fxe5 30. Be4 Rd4 31. f3 Kf7 32. Kf2 Kf6 33. h4 Rb8 34.
a4 a6 35. Ra2 h6 36. g4 Rdd8 37. Ke3 Rf8 38. a5 b5 39. cxb5 Rxb5 40. Bc6 Rxb3
41. Rc2 Rd8 0-1

[Event "Pribina - TPK Cup   Mistrovství ÈR junio"]
[Site "Havlíèkùv Brod - hotel Slunce"]
[Date "2012.11.27"]
[Round "4.28"]
[White "Sabolová, Kristýna"]
[Black "Skoøepa, Tomáš"]
[Result "1-0"]
[WhiteElo "1883"]
[BlackElo "1695"]
[PlyCount "41"]
[EventDate "2012.11.25"]

1. d4 Nf6 2. c4 e6 3. Nf3 b6 4. e3 Bb7 5. Bd3 Be7 6. O-O O-O 7. Nbd2 d5 8. b3
c5 9. Bb2 Nc6 10. Rc1 cxd4 11. exd4 Re8 12. Ne5 dxc4 13. Ndxc4 Nd5 14. Bxh7+
Kxh7 15. Qh5+ Kg8 16. Qxf7+ Kh7 17. Qg6+ Kg8 18. Qxe6+ Kh7 19. Nf7 Qc7 20. Qxd5
Bf6 21. Rc3 1-0